| 000 | 00538nam a2200193Ia 4500 | ||
|---|---|---|---|
| 999 |
_c743 _d743 |
||
| 020 | _a81-7036-038-2 | ||
| 082 | _aRR 324.954 SIN-E | ||
| 100 | _aSingh, V.B. | ||
| 245 | 0 | _aElections in India data handbook on Lok Sabha elections 1952-85 | |
| 250 | _a2nd | ||
| 260 |
_aNew Delhi _bSage Publications _c1986 |
||
| 300 | _a784p.: Tables | ||
| 504 | _aRef. book | ||
| 650 | _aElections - India - 1952-1985 | ||
| 650 | _aVidhan sabha elections | ||
| 650 | _aElections - Handbooks, manuals, etc. | ||
| 700 | _aBose, Shankar | ||
| 942 | _cBK | ||